Bādaśāhakhāna. (Record no. 83022)

MARC details
000 -LEADER
fixed length control field 00683cam a22002411 4500
001 - CONTROL NUMBER
control field sa 68009603
003 - CONTROL NUMBER IDENTIFIER
control field DLC
005 - DATE AND TIME OF LATEST TRANSACTION
control field 20260227112544.0
008 - FIXED-LENGTH DATA ELEMENTS--GENERAL INFORMATION
fixed length control field 890628s1968 ii ach b 000 0 maro
010 ## - LIBRARY OF CONGRESS CONTROL NUMBER
LC control number sa 68009603
035 ## - SYSTEM CONTROL NUMBER
System control number (OCoLC)19944301
040 ## - CATALOGING SOURCE
Original cataloging agency DLC
Transcribing agency WaU
Modifying agency NRU
-- DLC
042 ## - AUTHENTICATION CODE
Authentication code premarc
050 00 - LIBRARY OF CONGRESS CALL NUMBER
Classification number DS481.K42
Item number J6
100 1# - MAIN ENTRY--PERSONAL NAME
Personal name Joshi, Hari Moreshwar,
Dates associated with a name 1901-
245 10 - TITLE STATEMENT
Title Bādaśāhakhāna.
250 ## - EDITION STATEMENT
Edition statement [Prathamāvr̥ttī.
260 ## - PUBLICATION, DISTRIBUTION, ETC.
Place of publication, distribution, etc. Puṇe]
Name of publisher, distributor, etc. Nīlakanṭha Prakāśana
Date of publication, distribution, etc. [1968]
300 ## - PHYSICAL DESCRIPTION
Extent 13, 305 p.
Other physical details illus. facsims., ports.
Dimensions 22 cm.
500 ## - GENERAL NOTE
General note In Marathi.
504 ## - BIBLIOGRAPHY, ETC. NOTE
Bibliography, etc. note Bibliography: p. 293-296.
600 10 - SUBJECT ADDED ENTRY--PERSONAL NAME
Personal name Khan, Abdul Ghaffar,
Dates associated with a name 1890-1988.

No items available.

Powered by Koha